| 000 | 01171nam a2200325 i 4500 | ||
|---|---|---|---|
| 001 | 000007391 | ||
| 003 | DO-SdBNP | ||
| 005 | 20251031094455.0 | ||
| 007 | ta | ||
| 008 | 090907s1982 dr 001 0 spa d | ||
| 040 |
_aDO-SdBNP _bspa _cBNPHU _erda |
||
| 041 | _aspa | ||
| 082 | 4 |
_a929.4 _bR696s 1982 _222 |
|
| 100 | 1 |
_aRodríguez Demorizi, Emilio, _d1908-1986 _eautor _4aut. _91039 |
|
| 245 | 1 | 0 |
_aSeudónimos dominicanos / _cEmilio Rodríguez Demorizi. |
| 250 | _aSegunda edición | ||
| 264 | 1 |
_aSanto Domingo : _bEditora Taller, _c1982. |
|
| 300 |
_a280 páginas ; _c26 cm. |
||
| 336 |
_atexto _btxt _2rdacontent |
||
| 337 |
_asin mediación _bn _2rdamedia |
||
| 338 |
_avolumen _bnc _2rdacarrier |
||
| 490 | 0 |
_aFundación Rodríguez Demorizi _v14 |
|
| 500 | _aIncluye índices de personas, lugares, materias, referencias bibliográficas y notas al pie de las páginas. | ||
| 500 | _aFeria Nacional del Libro, 1982, homenaje a Pedro René Contín Aybar | ||
| 504 | _aBibliografía : páginas 47-51 | ||
| 590 | _aInventariado, 2024/BT | ||
| 650 | 4 |
_aAnónimos y seudónimos dominicanos _920538 |
|
| 910 | _aValidado. Control de calidad MFF | ||
| 942 |
_2ddc _cLBS1 |
||
| 999 |
_c7172 _d7172 |
||